000 00777nam a22001937a 4500
999 _c13357
_d13357
008 190307b ||||| |||| 00| 0 eng d
082 _22014
_aAV-Eb 344.7303218
_bV43
100 _aVarone, J. Curtis.
_937315
245 _aLegal Considerations For Fire & Emergency Services /
_cJ. Curtis Varone.
260 _bPennWell Corporation,
_c©2014.
300 _a728 pages;
500 _aIncludes index.
650 _2Emergency medical services -- Law and legislation -- United States.
650 _2Fire departments -- Law and legislation -- United States.
650 _2Labor laws and legislation -- United States.
700 _aVarone, J. Curtis.
_937315
856 _yhttps://ebookcentral.proquest.com/lib/uniofmindanao-ebooks/detail.action?docID=3385358
942 _2ddc
_cEB